University Home | Library Home | Institutional Repository

De la premiere decouverte de la Guinee : (Record no. 197399)

MARC details
000 -LEADER
fixed length control field 01292cam0a220032501 4500
001 - CONTROL NUMBER
control field qcf00165361
005 - DATE AND TIME OF LATEST TRANSACTION
control field 20190830121448.0
008 - FIXED-LENGTH DATA ELEMENTS--GENERAL INFORMATION
fixed length control field 740829s1959 pg b b 001 0 fre
010 ## - LIBRARY OF CONGRESS CONTROL NUMBER
LC control number 60028567
035 ## - SYSTEM CONTROL NUMBER
System control number (Sirsi) r89499
035 ## - SYSTEM CONTROL NUMBER
System control number (QCAT)lss00637869
035 ## - SYSTEM CONTROL NUMBER
System control number (UPRA)qcf00165361
040 ## - CATALOGING SOURCE
Modifying agency UPRA
043 ## - GEOGRAPHIC AREA CODE
Geographic area code f-pg---
050 0# - LIBRARY OF CONGRESS CALL NUMBER
Classification number DT613
Item number .G58X 1959
100 1# - MAIN ENTRY--PERSONAL NAME
Personal name Gomes, Diogo, ca. 1420-ca. 1485.
Dates associated with a name Gomes, Diogo, ca. 1420-ca. 1485.
Linkage A49044.1
245 10 - TITLE STATEMENT
Title De la premiere decouverte de la Guinee :
Remainder of title recit.
260 ## - PUBLICATION, DISTRIBUTION, ETC.
Place of publication, distribution, etc. Bissau,
Date of publication, distribution, etc. 1959.
440 #0 - SERIES STATEMENT/ADDED ENTRY--TITLE
Title Publicac~oes do Centro de Estudos da Guine Portuguesa ;
Volume/sequential designation no. 21
Linkage S8038.1
500 ## - GENERAL NOTE
General note Names of editors, Th. Monod, R. Mauny et G. Duval, at head of title.
500 ## - GENERAL NOTE
General note Latin transcription and French translation of "De prima inventione Guineae" found on leaves 270-291 of the Valentim Fernandes manuscript (Codex Hispanicus 27 of the Bayerische Staatsbibliothek, Munich)
500 ## - GENERAL NOTE
General note Includes index.
504 ## - BIBLIOGRAPHY, ETC. NOTE
Bibliography, etc. note Bibliography: p. [73]-76.
651 #0 - SUBJECT ADDED ENTRY--GEOGRAPHIC NAME
Geographic name Guinea-Bissau.
Linkage S29559.1
700 1# - ADDED ENTRY--PERSONAL NAME
Personal name Monod, Theodore, 1902-
Dates associated with a name Monod, Theodore, 1902-
Linkage A35048.1
700 1# - ADDED ENTRY--PERSONAL NAME
Personal name Mauny, Raymond.
Linkage A49045.1
700 1# - ADDED ENTRY--PERSONAL NAME
Personal name Duval, G.
Linkage A49046.1
949 ## - LOCAL PROCESSING INFORMATION (OCLC)
a DT613
w lcc
i -125596
m MAIN
t BOOK
l ON-SHELF

No items available.

© 2026 - The University of Zambia Library - Koha v25.11